| 000 | 00482nam a2200181Ia 4500 | ||
|---|---|---|---|
| 008 | 240925s9999 xx 000 0 und d | ||
| 020 | _a8120327594 | ||
| 082 | _a621.395 WOL | ||
| 100 | _aWolf , Wayne | ||
| 245 | 0 | _aModern VLSI Design: system-on-chip design | |
| 250 | _a3rd | ||
| 260 |
_aNew Delhi: _bPearson Printice Hall _c,2002. |
||
| 300 |
_axxi,787p. _bNA _fOriginal |
||
| 500 | _aIncludes Index | ||
| 600 | _aElectronic Engineering | ||
| 650 | _aTechnology | ||
| 942 | _cBK | ||
| 999 |
_c9986 _d9986 |
||